[Event "Stay Safe Play From Home 277"]
[Site "Emanuel Lasker Arena"]
[Date "2020.07.05"]
[Round "4"]
[White "Lnram"]
[Black "Indianquant"]
[Result "1-0"]
[WhiteElo "2433"]
[BlackElo "2303"]
[PlyCount "159"]
[EventDate "2020.07.05"]
[EventType "swiss (blitz)"]

1. g3 {[%emt 0:00:01]} c5 {[%emt 0:00:01]} 2. Bg2 {[%emt 0:00:00]} Nc6 {[%emt 0:00:00]} 3. Nf3 {[%emt 0:00:01]} g6 {[%emt 0:00:01]} 4. O-O {[%emt 0:00:02]} Bg7 {[%emt 0:00:00]} 5. c3 {[%emt 0:00:01]} e6 {[%emt 0:00:05]} 6. d4 {[%emt 0:00:01]} cxd4 {[%emt 0:00:02]} 7. cxd4 {[%emt 0:00:01]} Nge7 {[%emt 0:00:00]} 8. Nc3 {[%emt 0:00:02]} d5 {[%emt 0:00:00]} 9. e4 {[%emt 0:00:01]} dxe4 {[%emt 0:00:01]} 10. Nxe4 {[%emt 0:00:01]} h6 {[%emt 0:00:01]} 11. Be3 {[%emt 0:00:01]} O-O {[%emt 0:00:00]} 12. Qd2 {[%emt 0:00:02]} Nf5 {[%emt 0:00:00]} 13. Rad1 {[%emt 0:00:01]} Nxe3 {[%emt 0:00:01]} 14. Qxe3 {[%emt 0:00:01]} Ne7 {[%emt 0:00:01]} 15. Ne5 {[%emt 0:00:01]} Nd5 {[%emt 0:00:00]} 16. Qf3 {[%emt 0:00:01]} Bd7 {[%emt 0:00:02]} 17. Nc5 {[%emt 0:00:03]} Bc6 {[%emt 0:00:02]} 18. Nxc6 {[%emt 0:00:01]} bxc6 {[%emt 0:00:00]} 19. Qd3 {[%emt 0:00:01]} Rb8 {[%emt 0:00:01]} 20. b3 {[%emt 0:00:02]} Qc7 {[%emt 0:00:02]} 21. a3 {[%emt 0:00:03]} Rb6 {[%emt 0:00:04]} 22. b4 {[%emt 0:00:01]} Rd8 {[%emt 0:00:01]} 23. Qc2 {[%emt 0:00:01]} a5 {[%emt 0:00:02]} 24. bxa5 {[%emt 0:00:02]} Rb5 {[%emt 0:00:01]} 25. a6 {[%emt 0:00:01]} e5 {[%emt 0:00:02]} 26. Nb3 {[%emt 0:00:04]} exd4 {[%emt 0:00:03]} 27. Nxd4 {[%emt 0:00:01]} Rb6 {[%emt 0:00:00]} 28. Nb3 {[%emt 0:00:02]} Rxa6 {[%emt 0:00:02]} 29. Bxd5 {[%emt 0:00:01]} Rxa3 {[%emt 0:00:05]} 30. Bg2 {[%emt 0:00:03]} Rb8 {[%emt 0:00:02]} 31. Nc5 {[%emt 0:00:01]} Rb2 {[%emt 0:00:01]} 32. Qc4 {[%emt 0:00:01]} Qe7 {[%emt 0:00:01]} 33. Rd7 {[%emt 0:00:01]} Qf6 {[%emt 0:00:01]} 34. Ne4 {[%emt 0:00:03]} Qf5 {[%emt 0:00:00]} 35. Rd8+ {[%emt 0:00:01]} Kh7 {[%emt 0:00:01]} 36. Nd6 {[%emt 0:00:00]} Qf6 {[%emt 0:00:01]} 37. Rd7 {[%emt 0:00:01]} Rc3 {[%emt 0:00:01]} 38. Qxf7 {[%emt 0:00:01]} Qxf7 {[%emt 0:00:01]} 39. Rxf7 {[%emt 0:00:00]} Kg8 {[%emt 0:00:00]} 40. Rd7 {[%emt 0:00:00]} Rcc2 {[%emt 0:00:00]} 41. h4 {[%emt 0:00:02]} Be5 {[%emt 0:00:01]} 42. Bh3 {[%emt 0:00:00]} Bxg3 {[%emt 0:00:01]} 43. Be6+ {[%emt 0:00:00]} Kh8 {[%emt 0:00:01]} 44. Nf7+ {[%emt 0:00:00]} Kg7 {[%emt 0:00:00]} 45. Ng5+ {[%emt 0:00:00]} Kf6 {[%emt 0:00:00]} 46. Rf7+ {[%emt 0:00:00]} Ke5 {[%emt 0:00:01]} 47. Re1+ {[%emt 0:00:00]} Kd6 {[%emt 0:00:01]} 48. Rd7+ {[%emt 0:00:00]} Kc5 {[%emt 0:00:00]} 49. Ne4+ {[%emt 0:00:00]} Kb6 {[%emt 0:00:00]} 50. Nxg3 {[%emt 0:00:00]} Rd2 {[%emt 0:00:00]} 51. Rxd2 {[%emt 0:00:02]} Rxd2 {[%emt 0:00:00]} 52. Re2 {[%emt 0:00:00]} Rd1+ {[%emt 0:00:01]} 53. Kg2 {[%emt 0:00:01]} Rd4 {[%emt 0:00:00]} 54. h5 {[%emt 0:00:00]} Kc7 {[%emt 0:00:00]} 55. hxg6 {[%emt 0:00:00]} Rg4 {[%emt 0:00:00]} 56. g7 {[%emt 0:00:00]} Rg6 {[%emt 0:00:00]} 57. Kf3 {[%emt 0:00:00]} Rxg7 {[%emt 0:00:00]} 58. Nf5 {[%emt 0:00:00]} Re7 {[%emt 0:00:00]} 59. Kf4 {[%emt 0:00:00]} Re8 {[%emt 0:00:00]} 60. Ke5 {[%emt 0:00:01]} c5 {[%emt 0:00:00]} 61. Rd2 {[%emt 0:00:00]} Kc6 {[%emt 0:00:00]} 62. Rd7 {[%emt 0:00:00]} Kb5 {[%emt 0:00:00]} 63. Rd5 {[%emt 0:00:00]} Rb8 {[%emt 0:00:00]} 64. Kd6 {[%emt 0:00:00]} Kb4 {[%emt 0:00:00]} 65. Bd7 {[%emt 0:00:00]} Rb6+ {[%emt 0:00:01]} 66. Ke5 {[%emt 0:00:01]} c4 {[%emt 0:00:00]} 67. Nd6 {[%emt 0:00:00]} c3 {[%emt 0:00:00]} 68. Rd4+ {[%emt 0:00:00]} Kb3 {[%emt 0:00:00]} 69. Rc4 {[%emt 0:00:00]} c2 {[%emt 0:00:00]} 70. Rc6 {[%emt 0:00:00]} Kb2 {[%emt 0:00:00]} 71. Rxb6+ {[%emt 0:00:01]} Kc1 {[%emt 0:00:00]} 72. Rc6 {[%emt 0:00:00]} Kd2 {[%emt 0:00:00]} 73. Rxc2+ {[%emt 0:00:00]} Kxc2 {[%emt 0:00:00]} 74. f4 {[%emt 0:00:00]} h5 {[%emt 0:00:00]} 75. f5 {[%emt 0:00:00]} Kd2 {[%emt 0:00:00]} 76. f6 {[%emt 0:00:00]} h4 {[%emt 0:00:00]} 77. Bc6 {[%emt 0:00:00]} h3 {[%emt 0:00:00]} 78. f7 {[%emt 0:00:00]} h2 {[%emt 0:00:00]} 79. f8=Q {[%emt 0:00:00]} Ke3 {[%emt 0:00:00]} 80. Bh1 {[%emt 0:00:00] Time} 1-0

[Event "Stay Safe Play From Home 277"]
[Site "Emanuel Lasker Arena"]
[Date "2020.07.05"]
[Round "4"]
[White "BrainThinker22"]
[Black "Broken sword"]
[Result "1/2-1/2"]
[WhiteElo "2404"]
[BlackElo "2504"]
[Annotator "NA"]
[PlyCount "225"]
[EventDate "2020.07.05"]
[EventType "swiss (blitz)"]

1. e4 {[%emt 0:00:01]} c5 {[%emt 0:00:01]} 2. Nc3 {[%emt 0:00:00]} e6 {[%emt 0:00:00]} 3. g3 {[%emt 0:00:00]} a6 {[%emt 0:00:00]} 4. Bg2 {[%emt 0:00:00]} b5 {[%emt 0:00:01]} 5. a3 {[%emt 0:00:01]} Bb7 {[%emt 0:00:00]} 6. d3 {[%emt 0:00:00]} d6 {[%emt 0:00:00]} 7. Be3 {[%emt 0:00:01]} Nc6 {[%emt 0:00:00]} 8. Qd2 {[%emt 0:00:00]} Nf6 {[%emt 0:00:00]} 9. h3 {[%emt 0:00:01]} Nd7 {[%emt 0:00:00]} 10. Nge2 {[%emt 0:00:00]} Be7 {[%emt 0:00:00]} 11. O-O {[%emt 0:00:00]} Qc7 {[%emt 0:00:00]} 12. f4 {[%emt 0:00:00]} Nb6 {[%emt 0:00:00]} 13. g4 {[%emt 0:00:02]} O-O-O {[%emt 0:00:01]} 14. Ng3 {[%emt 0:00:00]} Kb8 {[%emt 0:00:01]} 15. Rac1 {[%emt 0:00:02]} g6 {[%emt 0:00:01]} 16. Qf2 {[%emt 0:00:01]} Nd7 {[%emt 0:00:02]} 17. f5 {[%emt 0:00:02]} gxf5 {[%emt 0:00:01]} 18. exf5 {[%emt 0:00:00]} d5 {[%emt 0:00:03]} 19. Bf4 {[%emt 0:00:07]} Bd6 {[%emt 0:00:01]} 20. Bxd6 {[%emt 0:00:01]} Qxd6 {[%emt 0:00:00]} 21. fxe6 {[%emt 0:00:00]} fxe6 {[%emt 0:00:00]} 22. Nh5 {[%emt 0:00:04]} Rdf8 {[%emt 0:00:02]} 23. Qg3 {[%emt 0:00:01]} Qxg3 {[%emt 0:00:01]} 24. Nxg3 {[%emt 0:00:01]} Kc7 {[%emt 0:00:00]} 25. Rxf8 {[%emt 0:00:01]} Rxf8 {[%emt 0:00:00]} 26. Rf1 {[%emt 0:00:00]} Rxf1+ {[%emt 0:00:01]} 27. Nxf1 {[%emt 0:00:01]} Nd4 {[%emt 0:00:00]} 28. Ne3 {[%emt 0:00:02]} Kd6 {[%emt 0:00:00]} 29. Kf2 {[%emt 0:00:01] BrainThinker22 offers a draw} Ne5 {[%emt 0:00:03]} 30. Ne2 {[%emt 0:00:03]} Nxe2 {[%emt 0:00:01]} 31. Kxe2 {[%emt 0:00:00]} a5 {[%emt 0:00:00]} 32. c3 {[%emt 0:00:01]} Nc6 {[%emt 0:00:01]} 33. g5 {[%emt 0:00:02]} b4 {[%emt 0:00:01]} 34. axb4 {[%emt 0:00:01]} axb4 {[%emt 0:00:00]} 35. h4 {[%emt 0:00:00]} bxc3 {[%emt 0:00:01]} 36. bxc3 {[%emt 0:00:00]} Ne5 {[%emt 0:00:00]} 37. h5 {[%emt 0:00:01]} Nf7 {[%emt 0:00:02]} 38. g6 {[%emt 0:00:01]} hxg6 {[%emt 0:00:00]} 39. hxg6 {[%emt 0:00:00]} Nh6 {[%emt 0:00:00]} 40. Bf3 {[%emt 0:00:01]} Ke7 {[%emt 0:00:01]} 41. Ng4 {[%emt 0:00:01]} Nf5 {[%emt 0:00:03]} 42. Ne5 {[%emt 0:00:01]} Kf6 {[%emt 0:00:00]} 43. Nd7+ {[%emt 0:00:01]} Kxg6 {[%emt 0:00:01]} 44. Nxc5 {[%emt 0:00:00]} Bc8 {[%emt 0:00:01]} 45. Bg4 {[%emt 0:00:01]} Ng7 {[%emt 0:00:00]} 46. Ke3 {[%emt 0:00:02]} Kf6 {[%emt 0:00:00]} 47. d4 {[%emt 0:00:02]} Ke7 {[%emt 0:00:01]} 48. Nd3 {[%emt 0:00:01]} Ne8 {[%emt 0:00:01]} 49. Ne5 {[%emt 0:00:00]} Nf6 {[%emt 0:00:01]} 50. Bf3 {[%emt 0:00:00]} Kd6 {[%emt 0:00:01]} 51. Ng4 {[%emt 0:00:00]} Nd7 {[%emt 0:00:01]} 52. Ne5 {[%emt 0:00:00]} Nb6 {[%emt 0:00:01]} 53. Nf7+ {[%emt 0:00:01]} Ke7 {[%emt 0:00:01]} 54. Ne5 {[%emt 0:00:00]} Ba6 {[%emt 0:00:00]} 55. Kd2 {[%emt 0:00:01]} Kd6 {[%emt 0:00:01]} 56. Be2 {[%emt 0:00:01]} Bb7 {[%emt 0:00:01]} 57. c4 {[%emt 0:00:00]} dxc4 {[%emt 0:00:01]} 58. Nxc4+ {[%emt 0:00:01]} Kc7 {[%emt 0:00:01]} 59. Nxb6 {[%emt 0:00:01]} Kxb6 {[%emt 0:00:00]} 60. Bc4 {[%emt 0:00:00]} Bc8 {[%emt 0:00:00]} 61. Bxe6 {[%emt 0:00:00]} Bxe6 {[%emt 0:00:00]} 62. d5 {[%emt 0:00:00]} Bd7 {[%emt 0:00:00]} 63. d6 {[%emt 0:00:00]} Kc5 {[%emt 0:00:00]} 64. Ke3 {[%emt 0:00:00]} Kd5 {[%emt 0:00:00]} 65. Kf4 {[%emt 0:00:00]} Ke6 {[%emt 0:00:00]} 66. Kg3 {[%emt 0:00:00]} Bc6 {[%emt 0:00:00]} 67. Kh2 {[%emt 0:00:00]} Kd7 {[%emt 0:00:01]} 68. Kg1 {[%emt 0:00:00]} Bd5 {[%emt 0:00:00]} 69. Kf2 {[%emt 0:00:00]} Bc4 {[%emt 0:00:00]} 70. Kg1 {[%emt 0:00:00]} Bb3 {[%emt 0:00:00]} 71. Kf2 {[%emt 0:00:00]} Ba2 {[%emt 0:00:00]} 72. Kg1 {[%emt 0:00:00]} Bb1 {[%emt 0:00:00]} 73. Kf2 {[%emt 0:00:00]} Bc2 {[%emt 0:00:00]} 74. Kg1 {[%emt 0:00:00]} Bd3 {[%emt 0:00:00]} 75. Kf2 {[%emt 0:00:00]} Bb5 {[%emt 0:00:00]} 76. Kg1 {[%emt 0:00:00]} Ke6 {[%emt 0:00:00]} 77. Kf2 {[%emt 0:00:00]} Bd7 {[%emt 0:00:00]} 78. Kg1 {[%emt 0:00:00]} Ke5 {[%emt 0:00:00]} 79. Kf2 {[%emt 0:00:00]} Kd4 {[%emt 0:00:00]} 80. Kg1 {[%emt 0:00:00]} Ke3 {[%emt 0:00:00]} 81. Kh2 {[%emt 0:00:00]} Kf4 {[%emt 0:00:00]} 82. Kh1 {[%emt 0:00:00]} Kg5 {[%emt 0:00:00]} 83. Kg1 {[%emt 0:00:00]} Kf4 {[%emt 0:00:00]} 84. Kf1 {[%emt 0:00:00]} Ke3 {[%emt 0:00:00]} 85. Ke1 {[%emt 0:00:00]} Kd3 {[%emt 0:00:00]} 86. Kd1 {[%emt 0:00:00]} Kc3 {[%emt 0:00:00]} 87. Kc1 {[%emt 0:00:00]} Kb4 {[%emt 0:00:00]} 88. Kb1 {[%emt 0:00:00]} Kb5 {[%emt 0:00:00]} 89. Ka1 {[%emt 0:00:00]} Kc5 {[%emt 0:00:00]} 90. Kb1 {[%emt 0:00:00]} Kd5 {[%emt 0:00:00]} 91. Kc1 {[%emt 0:00:00]} Ke5 {[%emt 0:00:00]} 92. Kd1 {[%emt 0:00:00]} Bh3 {[%emt 0:00:01]} 93. Ke1 {[%emt 0:00:00]} Ke6 {[%emt 0:00:00]} 94. Kd2 {[%emt 0:00:00]} Kd7 {[%emt 0:00:00]} 95. Kc1 {[%emt 0:00:00]} Bg4 {[%emt 0:00:00]} 96. Kb2 {[%emt 0:00:00]} Bf5 {[%emt 0:00:00]} 97. Ka3 {[%emt 0:00:00]} Be6 {[%emt 0:00:00]} 98. Kb2 {[%emt 0:00:00]} Bd5 {[%emt 0:00:00]} 99. Kc1 {[%emt 0:00:00]} Bc6 {[%emt 0:00:00]} 100. Kd2 {[%emt 0:00:00]} Ke6 {[%emt 0:00:00]} 101. Ke1 {[%emt 0:00:00]} Bd7 {[%emt 0:00:00]} 102. Kf2 {[%emt 0:00:00]} Kd5 {[%emt 0:00:00]} 103. Kg1 {[%emt 0:00:00]} Ke4 {[%emt 0:00:00]} 104. Kf1 {[%emt 0:00:00]} Kf3 {[%emt 0:00:00]} 105. Kg1 {[%emt 0:00:00]} Ke3 {[%emt 0:00:00]} 106. Kh1 {[%emt 0:00:00]} Bc6+ {[%emt 0:00:01]} 107. Kg1 {[%emt 0:00:00]} Bb5 {[%emt 0:00:01]} 108. Kh2 {[%emt 0:00:00]} Bd7 {[%emt 0:00:00]} 109. Kg3 {[%emt 0:00:01]} Ke4 {[%emt 0:00:00]} 110. Kh4 {[%emt 0:00:00]} Ke5 {[%emt 0:00:00]} 111. Kh5 {[%emt 0:00:00]} Kf6 {[%emt 0:00:00]} 112. Kh6 {[%emt 0:00:00]} Kf7 {[%emt 0:00:00]} 113. Kh5 {[%emt 0:00:00] (Lag: Av=0.61s, max=0.9s)} 1/2-1/2

[Event "Stay Safe Play From Home 277"]
[Site "Emanuel Lasker Arena"]
[Date "2020.07.05"]
[Round "4"]
[White "Mepe_Nika"]
[Black "Little champs"]
[Result "1-0"]
[WhiteElo "2296"]
[BlackElo "2270"]
[PlyCount "129"]
[EventDate "2020.07.05"]
[EventType "swiss (blitz)"]

1. d4 {[%emt 0:00:01]} c6 {[%emt 0:00:01]} 2. e4 {[%emt 0:00:02]} d5 {[%emt 0:00:00]} 3. exd5 {[%emt 0:00:00]} Nf6 {[%emt 0:00:00]} 4. dxc6 {[%emt 0:00:01]} Nxc6 {[%emt 0:00:01]} 5. Nf3 {[%emt 0:00:01]} e6 {[%emt 0:00:00]} 6. Be2 {[%emt 0:00:01]} Be7 {[%emt 0:00:01]} 7. O-O {[%emt 0:00:01]} O-O {[%emt 0:00:00]} 8. c4 {[%emt 0:00:00]} b6 {[%emt 0:00:00]} 9. Nc3 {[%emt 0:00:00]} Bb7 {[%emt 0:00:00]} 10. Be3 {[%emt 0:00:01]} Rc8 {[%emt 0:00:00]} 11. h3 {[%emt 0:00:00]} Na5 {[%emt 0:00:01]} 12. b3 {[%emt 0:00:01]} Ne4 {[%emt 0:00:00]} 13. Nxe4 {[%emt 0:00:01]} Bxe4 {[%emt 0:00:01]} 14. Nd2 {[%emt 0:00:00]} Bb7 {[%emt 0:00:01]} 15. Bf3 {[%emt 0:00:00]} Bf6 {[%emt 0:00:01]} 16. Bxb7 {[%emt 0:00:05]} Nxb7 {[%emt 0:00:01]} 17. Qf3 {[%emt 0:00:01]} Qd7 {[%emt 0:00:02]} 18. Rfd1 {[%emt 0:00:01]} Rfd8 {[%emt 0:00:01]} 19. Ne4 {[%emt 0:00:01]} Be7 {[%emt 0:00:01]} 20. Rac1 {[%emt 0:00:01]} Nd6 {[%emt 0:00:01]} 21. Nxd6 {[%emt 0:00:02]} Qxd6 {[%emt 0:00:01]} 22. Bf4 {[%emt 0:00:01]} Qd7 {[%emt 0:00:01]} 23. Qg3 {[%emt 0:00:00]} g6 {[%emt 0:00:01]} 24. d5 {[%emt 0:00:01]} exd5 {[%emt 0:00:06]} 25. Rxd5 {[%emt 0:00:00]} Qe8 {[%emt 0:00:01]} 26. Rcd1 {[%emt 0:00:02]} Rxd5 {[%emt 0:00:00]} 27. cxd5 {[%emt 0:00:00]} Rd8 {[%emt 0:00:00]} 28. d6 {[%emt 0:00:01]} Bf8 {[%emt 0:00:01]} 29. Qg4 {[%emt 0:00:03]} h5 {[%emt 0:00:02]} 30. Qf3 {[%emt 0:00:02]} Qe6 {[%emt 0:00:01]} 31. Qd5 {[%emt 0:00:01]} Qe2 {[%emt 0:00:02]} 32. Bg3 {[%emt 0:00:02]} h4 {[%emt 0:00:02]} 33. Bf4 {[%emt 0:00:02]} Qxa2 {[%emt 0:00:03]} 34. d7 {[%emt 0:00:01]} Qe2 {[%emt 0:00:01]} 35. Bg5 {[%emt 0:00:02]} Be7 {[%emt 0:00:03]} 36. Bf4 {[%emt 0:00:04]} Bf6 {[%emt 0:00:03]} 37. Bc7 {[%emt 0:00:01]} Rf8 {[%emt 0:00:01]} 38. d8=Q {[%emt 0:00:01]} Bxd8 {[%emt 0:00:00]} 39. Bxd8 {[%emt 0:00:00]} Re8 {[%emt 0:00:00]} 40. Bxh4 {[%emt 0:00:02]} Qe6 {[%emt 0:00:03]} 41. Qxe6 {[%emt 0:00:01]} Rxe6 {[%emt 0:00:00]} 42. Rd7 {[%emt 0:00:01]} Kg7 {[%emt 0:00:00]} 43. Rxa7 {[%emt 0:00:01]} Re1+ {[%emt 0:00:00]} 44. Kh2 {[%emt 0:00:01]} Rb1 {[%emt 0:00:00]} 45. Rb7 {[%emt 0:00:01]} Rxb3 {[%emt 0:00:01]} 46. Bd8 {[%emt 0:00:00]} b5 {[%emt 0:00:00]} 47. Bb6 {[%emt 0:00:01]} Rb1 {[%emt 0:00:01]} 48. Be3 {[%emt 0:00:01]} b4 {[%emt 0:00:01]} 49. g4 {[%emt 0:00:01]} b3 {[%emt 0:00:00]} 50. Kg2 {[%emt 0:00:00]} Kf8 {[%emt 0:00:01]} 51. Bc5+ {[%emt 0:00:01]} Ke8 {[%emt 0:00:01]} 52. Bd4 {[%emt 0:00:00]} f5 {[%emt 0:00:00]} 53. gxf5 {[%emt 0:00:01]} gxf5 {[%emt 0:00:00]} 54. h4 {[%emt 0:00:00]} Rd1 {[%emt 0:00:00]} 55. Kf3 {[%emt 0:00:00]} Rxd4 {[%emt 0:00:01]} 56. Rxb3 {[%emt 0:00:01]} Rxh4 {[%emt 0:00:00]} 57. Rb5 {[%emt 0:00:00]} f4 {[%emt 0:00:01]} 58. Rb4 {[%emt 0:00:01]} Ke7 {[%emt 0:00:00]} 59. Rxf4 {[%emt 0:00:00]} Rh1 {[%emt 0:00:00]} 60. Kg2 {[%emt 0:00:01]} Ra1 {[%emt 0:00:00]} 61. Rf3 {[%emt 0:00:00]} Ke6 {[%emt 0:00:00]} 62. Re3+ {[%emt 0:00:00]} Kd5 {[%emt 0:00:00]} 63. Rf3 {[%emt 0:00:00]} Kc4 {[%emt 0:00:00]} 64. Rg3 {[%emt 0:00:00]} Kd4 {[%emt 0:00:01]} 65. Rg4+ {[%emt 0:00:00] Time (Lag: Av=0.76s, max=1.0s)} 1-0

[Event "Stay Safe Play From Home 277"]
[Site "Emanuel Lasker Arena"]
[Date "2020.07.05"]
[Round "4"]
[White "SoulofWolf"]
[Black "Rogan"]
[Result "0-1"]
[WhiteElo "2204"]
[BlackElo "2194"]
[PlyCount "96"]
[EventDate "2020.07.05"]
[EventType "swiss (blitz)"]

1. d4 {[%emt 0:00:01]} d5 {[%emt 0:00:00]} 2. Nc3 {[%emt 0:00:01]} c6 {[%emt 0:00:00]} 3. h3 {[%emt 0:00:00]} Nf6 {[%emt 0:00:00]} 4. g4 {[%emt 0:00:01]} h6 {[%emt 0:00:01]} 5. g5 {[%emt 0:00:00]} hxg5 {[%emt 0:00:01]} 6. Bxg5 {[%emt 0:00:00]} Ne4 {[%emt 0:00:01]} 7. Nxe4 {[%emt 0:00:02]} dxe4 {[%emt 0:00:00]} 8. e3 {[%emt 0:00:01]} Qa5+ {[%emt 0:00:01]} 9. Qd2 {[%emt 0:00:03]} Qxg5 {[%emt 0:00:00]} 10. O-O-O {[%emt 0:00:00]} Be6 {[%emt 0:00:03]} 11. Ne2 {[%emt 0:00:01]} Nd7 {[%emt 0:00:03]} 12. Nf4 {[%emt 0:00:00]} Bf5 {[%emt 0:00:09]} 13. Bc4 {[%emt 0:00:02]} e6 {[%emt 0:00:01]} 14. a3 {[%emt 0:00:01]} Nf6 {[%emt 0:00:01]} 15. Rdg1 {[%emt 0:00:03]} Qh4 {[%emt 0:00:02]} 16. Rg2 {[%emt 0:00:03]} g5 {[%emt 0:00:01]} 17. Ne2 {[%emt 0:00:03]} Bxh3 {[%emt 0:00:01]} 18. Rgh2 {[%emt 0:00:01]} g4 {[%emt 0:00:01]} 19. Ng1 {[%emt 0:00:01]} Bd6 {[%emt 0:00:01]} 20. Rxh3 {[%emt 0:00:04]} gxh3 {[%emt 0:00:01]} 21. Rxh3 {[%emt 0:00:01]} Qxh3 {[%emt 0:00:09]} 22. Nxh3 {[%emt 0:00:00]} Rxh3 {[%emt 0:00:01]} 23. b3 {[%emt 0:00:02]} Bxa3+ {[%emt 0:00:01]} 24. Kb1 {[%emt 0:00:01]} a5 {[%emt 0:00:02]} 25. Ka2 {[%emt 0:00:01]} Bb4 {[%emt 0:00:01]} 26. c3 {[%emt 0:00:01]} Be7 {[%emt 0:00:02]} 27. Qe2 {[%emt 0:00:00]} O-O-O {[%emt 0:00:02]} 28. Qf1 {[%emt 0:00:00]} Rdh8 {[%emt 0:00:01]} 29. b4 {[%emt 0:00:05]} Rh2 {[%emt 0:00:00]} 30. bxa5 {[%emt 0:00:02]} Ng4 {[%emt 0:00:00]} 31. a6 {[%emt 0:00:01]} Rxf2+ {[%emt 0:00:01]} 32. Qxf2 {[%emt 0:00:01]} Nxf2 {[%emt 0:00:00]} 33. axb7+ {[%emt 0:00:00]} Kxb7 {[%emt 0:00:00]} 34. Kb3 {[%emt 0:00:01]} Nd1 {[%emt 0:00:01]} 35. Kc2 {[%emt 0:00:02]} Nxe3+ {[%emt 0:00:00]} 36. Kb3 {[%emt 0:00:01]} Nxc4 {[%emt 0:00:00]} 37. Kxc4 {[%emt 0:00:00]} e3 {[%emt 0:00:01]} 38. Kd3 {[%emt 0:00:00]} Rh3 {[%emt 0:00:01]} 39. Ke2 {[%emt 0:00:00]} Bg5 {[%emt 0:00:02]} 40. c4 {[%emt 0:00:00]} Rh2+ {[%emt 0:00:01]} 41. Kf1 {[%emt 0:00:01]} e2+ {[%emt 0:00:01]} 42. Ke1 {[%emt 0:00:00]} Bh4+ {[%emt 0:00:01]} 43. Kd2 {[%emt 0:00:02]} e1=Q+ {[%emt 0:00:00]} 44. Kd3 {[%emt 0:00:00]} Qd2+ {[%emt 0:00:01]} 45. Ke4 {[%emt 0:00:00]} Re2+ {[%emt 0:00:01]} 46. Kf3 {[%emt 0:00:02]} Qe3+ {[%emt 0:00:00]} 47. Kg4 {[%emt 0:00:00]} Qg3+ {[%emt 0:00:01]} 48. Kh5 {[%emt 0:00:00]} Qg5# {[%emt 0:00:01] (Lag: Av=0.30s, max=0.6s)} 0-1

[Event "Stay Safe Play From Home 277"]
[Site "Emanuel Lasker Arena"]
[Date "2020.07.05"]
[Round "4"]
[White "gavi"]
[Black "Bardellosport"]
[Result "1-0"]
[WhiteElo "2106"]
[BlackElo "1940"]
[PlyCount "85"]
[EventDate "2020.07.05"]
[EventType "swiss (blitz)"]

1. Nf3 {[%emt 0:00:01]} d6 {[%emt 0:00:00]} 2. d4 {[%emt 0:00:01]} Nd7 {[%emt 0:00:00]} 3. c4 {[%emt 0:00:00]} Ngf6 {[%emt 0:00:00]} 4. Nc3 {[%emt 0:00:00]} e5 {[%emt 0:00:00]} 5. e4 {[%emt 0:00:00]} Be7 {[%emt 0:00:01]} 6. Be3 {[%emt 0:00:01]} c6 {[%emt 0:00:01]} 7. Be2 {[%emt 0:00:00]} Qc7 {[%emt 0:00:01]} 8. O-O {[%emt 0:00:01]} O-O {[%emt 0:00:00]} 9. d5 {[%emt 0:00:00]} c5 {[%emt 0:00:01]} 10. Ne1 {[%emt 0:00:02]} a6 {[%emt 0:00:01]} 11. g4 {[%emt 0:00:00]} Rb8 {[%emt 0:00:01]} 12. a4 {[%emt 0:00:02]} g6 {[%emt 0:00:01]} 13. a5 {[%emt 0:00:01]} Ne8 {[%emt 0:00:01]} 14. Kh1 {[%emt 0:00:01]} Ng7 {[%emt 0:00:01]} 15. Rg1 {[%emt 0:00:01]} b6 {[%emt 0:00:02]} 16. Nf3 {[%emt 0:00:02]} Re8 {[%emt 0:00:02]} 17. g5 {[%emt 0:00:01]} Nf8 {[%emt 0:00:01]} 18. h4 {[%emt 0:00:01]} f6 {[%emt 0:00:01]} 19. Nh2 {[%emt 0:00:01]} f5 {[%emt 0:00:01]} 20. exf5 {[%emt 0:00:03]} Bxf5 {[%emt 0:00:00]} 21. f4 {[%emt 0:00:01]} exf4 {[%emt 0:00:01]} 22. Bxf4 {[%emt 0:00:00]} Qd7 {[%emt 0:00:01]} 23. Bg4 {[%emt 0:00:02]} Bxg4 {[%emt 0:00:01]} 24. Qxg4 {[%emt 0:00:00]} Nf5 {[%emt 0:00:01]} 25. Rae1 {[%emt 0:00:02]} Bd8 {[%emt 0:00:02]} 26. Rxe8 {[%emt 0:00:02]} Qxe8 {[%emt 0:00:00]} 27. Nf3 {[%emt 0:00:01]} Qf7 {[%emt 0:00:03]} 28. Re1 {[%emt 0:00:01]} bxa5 {[%emt 0:00:01]} 29. Re2 {[%emt 0:00:04]} Bb6 {[%emt 0:00:01]} 30. Rf2 {[%emt 0:00:01]} Nd7 {[%emt 0:00:03]} 31. Bh2 {[%emt 0:00:01]} Re8 {[%emt 0:00:01]} 32. Nd2 {[%emt 0:00:01]} Ne5 {[%emt 0:00:01]} 33. Bxe5 {[%emt 0:00:02]} Rxe5 {[%emt 0:00:00]} 34. Nde4 {[%emt 0:00:01]} Qe7 {[%emt 0:00:02]} 35. Kg2 {[%emt 0:00:02]} Kg7 {[%emt 0:00:01]} 36. Kh3 {[%emt 0:00:01]} Bd8 {[%emt 0:00:01]} 37. Nf6 {[%emt 0:00:02]} Qf7 {[%emt 0:00:02]} 38. Nce4 {[%emt 0:00:00]} Bxf6 {[%emt 0:00:01]} 39. Nxf6 {[%emt 0:00:00]} Ne3 {[%emt 0:00:02]} 40. Qf3 {[%emt 0:00:02]} Nxc4 {[%emt 0:00:02]} 41. Nh5+ {[%emt 0:00:01]} gxh5 {[%emt 0:00:05]} 42. Qxf7+ {[%emt 0:00:00]} Kh8 {[%emt 0:00:00]} 43. Qf8# {[%emt 0:00:00] (Lag: Av=0.56s, max=1.2s)} 1-0